Länder unter 1 Millionen Einwohner - Sudden Death - Statistiken

Allgemein
  • Dieses Quiz wurde 4.042 mal gespielt
  • Das Durchschnittsergebnis liegt bei 8 aus 38
Answers on the Grid
Answers color-coded by a green-red scale on the quiz's grid according to % correct below.
Albanien
Andorra
Antigua und Barbuda
Äquatorialguinea
Armenien
Bahamas
Bahrain
Barbados
Belize
Bhutan
Botswana
Brunei
Dominica
Dschibuti
Estland
Eswatini
Fidschi
Föderierte Staaten von Mikronesien
Gabun
Gambia
Grenada
Guinea-Bissau
Guyana
Island
Jamaika
Kap Verde
Kiribati
Komoren
Lesotho
Lettland
Liechtenstein
Litauen
Luxemburg
Malediven
Malta
Marshallinseln
Mauritius
Monaco
Montenegro
Namibia
Nauru
Nordmazedonien
Osttimor
Palau
Republik Zypern
Salomonen
Samoa
San Marino
Sao Tome und Principe
Seychellen
Slowenien
St. Kitts und Nevis
St. Lucia
St. Vincent und die Grenadinen
Suriname
Tonga
Trinidad und Tobago
Tuvalu
Vanuatu
Vatikanstadt
 
Antwortstatistiken
Antwort % Korrekt
Andorra
70%
Antigua und Barbuda
46%
Vatikanstadt
41%
Tuvalu
33%
Liechtenstein
31%
Vanuatu
31%
San Marino
29%
Monaco
28%
St. Lucia
28%
Barbados
26%
Föderierte Staaten von Mikronesien
26%
Fidschi
25%
St. Kitts und Nevis
25%
Luxemburg
24%
Nauru
24%
Bahamas
22%
Island
22%
St. Vincent und die Grenadinen
22%
Kiribati
21%
Tonga
21%
Malta
20%
Marshallinseln
20%
Palau
20%
Dominica
18%
Kap Verde
18%
Samoa
18%
Grenada
16%
Sao Tome und Principe
16%
Belize
15%
Bhutan
15%
Komoren
14%
Salomonen
14%
Brunei
13%
Seychellen
12%
Malediven
10%
Suriname
6%
Montenegro
4%
Guyana
3%
Keine übereinstimmenden Quizze gefunden
Verteilung der Resultate
Anzahl Personen mit jedem Resultat
Perzentil nach korrekt beantworteten Fragen
Ihre Resultats-Entwicklung
Sie haben dieses Quiz noch nicht gespielt